000 00777cam a2200217 4500
001 B1824
008 090401t1988 xxu||||| |||| 00| 0 eng d
035 _a(Sirsi) u46640
041 _aeng
050 _a692.5
110 _aBuilding Cost Information Service
_91096
245 _aBuilding cost trends (wall chart) 1988
260 _aKingston upon Thames
_bBuilding Cost Information Service
_c1988
300 _a1 wall chart : col. ; 60x42cm.
350 _a5
520 _aThis item is part of a subscription service and cannot be photocopied. Neither can be any part of it be read out over the phone. Please contact BCIS direct on 0171 222 7000 for details.
650 _aBUILT ENVIRONMENT-BUILDING COSTS
650 _aWALL CHARTS
942 _n0
948 _c04/03/1997
999 _c91965
_d91965